| 000 | 00611nam a22002057a 4500 | ||
|---|---|---|---|
| 003 | MPLRDC | ||
| 005 | 20220104201914.0 | ||
| 008 | 210129b ||||| |||| 00| 0 eng d | ||
| 020 | _a957-545-459-6 | ||
| 082 | _a857.62 XSJZ-5 v.2 | ||
| 100 | _a夏树静子 | ||
| 245 |
_a77班机事件幕后案 _c廖如仪 译 |
||
| 250 | _a再版 | ||
| 260 |
_a台湾 _b志文出版社 _c1993 |
||
| 300 | _b平 | ||
| 490 | _a新潮推理: 45 --夏树静子推理系列之二 | ||
| 520 | _a上架 2017-11-01。 2017-02-26 弄污--pg.253-封面底左下方。 | ||
| 650 | _a推理小说 | ||
| 942 |
_cBK _o857.62 XSJZ-5 v.2 |
||
| 999 |
_c67380 _d67370 |
||